[Event "HUN-chT2 Asztalos 1516"]
[Site "Hungary"]
[Date "2015.09.13"]
[Round "1.8"]
[White "Palfi, Peter"]
[Black "Nagy, Imre"]
[Result "1-0"]
[WhiteElo "1800"]
[BlackElo "1866"]
[PlyCount "93"]
[EventDate "2015.09.13"]
[EventType "team-tourn"]
[EventRounds "11"]
[EventCountry "HUN"]
[SourceTitle "CBM 170 Extra"]
[Source "ChessBase"]
[SourceDate "2016.02.25"]
[SourceVersion "1"]
[SourceVersionDate "2016.02.25"]
[SourceQuality "1"]
[WhiteTeam "Marcali"]
[BlackTeam "Szentlorinc"]
[WhiteTeamCountry "HUN"]
[BlackTeamCountry "HUN"]

1. e4 e5 2. Nf3 Nc6 3. Bc4 Nf6 4. d3 Bc5 5. Nc3 d6 6. h3 0-0 7. Bg5 Nd4 8. Nd5 Be6 9. Nxf6+ gxf6 10. Bh6 Re8 11. Bxe6 Nxe6 12. Nh4 Kh8 13. Be3 Rg8 14. Qe2 c6 15. 0-0-0 a5 16. Rdf1 a4 17. Bd2 Nd4 18. Qh5 d5 19. c3 Ne6 20. Qxf7 Qe7 21. Qxe7 Bxe7 22. exd5 cxd5 23. Nf5 Bf8 24. g4 b5 25. a3 Nc5 26. d4 Nd3+ 27. Kc2 e4 28. f3 b4 29. axb4 a3 30. fxe4 dxe4 31. Ra1 Nxb2 32. Rhe1 Bxb4 33. cxb4 Rgc8+ 34. Kb3 Nc4 35. Bf4 Ra7 36. Nd6 Nxd6 37. Bxd6 Rca8 38. Rxe4 a2 39. Be7 Kg7 40. Bd6 Ra3+ 41. Kb2 Rd3 42. Bf4 Raa3 43. Rxa2 Rab3+ 44. Kc2 Rbc3+ 45. Kb1 Rxh3 46. Ra7+ Kg6 47. Ree7 1-0

[Event "HUN-chT2 Asztalos 1112"]
[Site "Hungary"]
[Date "2011.09.25"]
[Round "1.10"]
[White "Waszner, Karoly"]
[Black "Nagy, Imre"]
[Result "1-0"]
[WhiteElo "1887"]
[BlackElo "2144"]
[PlyCount "77"]
[EventDate "2011.09.25"]
[EventType "team-tourn"]
[EventRounds "11"]
[EventCountry "HUN"]
[SourceTitle "EXT 2013"]
[Source "ChessBase"]
[SourceDate "2012.11.22"]
[SourceVersion "1"]
[SourceVersionDate "2012.11.22"]
[SourceQuality "1"]
[WhiteTeam "Mohacs"]
[BlackTeam "Komlo"]
[WhiteTeamCountry "HUN"]
[BlackTeamCountry "HUN"]

1. e4 e5 2. Nf3 Nc6 3. Nc3 Nf6 4. Bc4 Bc5 5. d3 d6 6. h3 Nd4 7. a3 a6 8. Ba2 c6 9. Bd2 b5 10. b4 Ba7 11. 0-0 0-0 12. Rb1 h6 13. Nxd4 Bxd4 14. Ne2 Ba7 15. Ng3 Be6 16. c4 Qd7 17. Kh2 Bd4 18. f4 exf4 19. Bxf4 g5 20. Bc1 d5 21. Bb2 dxc4 22. Rxf6 c3 23. Bxe6 fxe6 24. Rg6+ Kf7 25. Qh5 Ke7 26. Rxh6 Qd6 27. Rh7+ Kd8 28. Bc1 Kc8 29. Bxg5 Be5 30. Qg4 Re8 31. Rc1 Qxd3 32. Bf4 Qd6 33. Rd1 Qb8 34. Qg6 Bc7 35. Qxe8+ Kb7 36. Qxb8+ Rxb8 37. Rxc7+ Kb6 38. Rxc6+ Kxc6 39. Bxb8 1-0

[Event "HUN-chT2 Asztalos 1011"]
[Site "Hungary"]
[Date "2010.11.07"]
[Round "5.11"]
[White "Nagy, Imre"]
[Black "Csatho, Gabor"]
[Result "1/2-1/2"]
[WhiteElo "2144"]
[BlackElo "1784"]
[PlyCount "66"]
[EventDate "2010.09.12"]
[EventType "team-tourn"]
[EventRounds "11"]
[EventCountry "HUN"]
[SourceTitle "EXT 2012"]
[Source "ChessBase"]
[SourceDate "2011.11.24"]
[SourceVersion "1"]
[SourceVersionDate "2011.11.24"]
[SourceQuality "1"]
[WhiteTeam "Komlo"]
[BlackTeam "Dunajvaros"]
[WhiteTeamCountry "HUN"]
[BlackTeamCountry "HUN"]

1. e4 c5 2. Bc4 e6 3. Qe2 Nc6 4. c3 Be7 5. e5 d5 6. exd6 Qxd6 7. Nf3 a6 8. a4 Nf6 9. d3 Nd5 10. 0-0 0-0 11. Bg5 Nf4 12. Bxf4 Qxf4 13. Qe4 Qh6 14. Re1 Bd6 15. Nbd2 Kh8 16. Nf1 Bd7 17. Ng3 f5 18. Qh4 Qxh4 19. Nxh4 Ne5 20. Bxe6 Bxe6 21. d4 f4 22. Nf1 cxd4 23. cxd4 Bc7 24. dxe5 g5 25. Nf3 h6 26. Nd4 Bd5 27. b4 Rae8 28. e6 Bb6 29. Rad1 Bxd4 30. Rxd4 Rxe6 31. Rxe6 Bxe6 32. Nd2 Kg7 33. f3 Rc8 1/2-1/2

[Event "HUN-chT2 Asztalos 1011"]
[Site "Hungary"]
[Date "2010.10.24"]
[Round "4.11"]
[White "Andrasofszky, Daniel"]
[Black "Nagy, Imre"]
[Result "0-1"]
[WhiteElo "1758"]
[BlackElo "2144"]
[PlyCount "98"]
[EventDate "2010.09.12"]
[EventType "team-tourn"]
[EventRounds "11"]
[EventCountry "HUN"]
[SourceTitle "EXT 2012"]
[Source "ChessBase"]
[SourceDate "2011.11.24"]
[SourceVersion "1"]
[SourceVersionDate "2011.11.24"]
[SourceQuality "1"]
[WhiteTeam "Dombovar"]
[BlackTeam "Komlo"]
[WhiteTeamCountry "HUN"]
[BlackTeamCountry "HUN"]

1. e4 e5 2. Nf3 Nc6 3. Bc4 Nf6 4. Ng5 d5 5. exd5 Na5 6. d3 Bg4 7. f3 Bh5 8. Nc3 Bb4 9. Bd2 0-0 10. Nge4 Nxc4 11. Nxf6+ Qxf6 12. dxc4 Qb6 13. Qe2 f5 14. 0-0-0 e4 15. Rdf1 Rae8 16. Rhg1 exf3 17. Qd3 f2 18. Rh1 Bxc3 19. Bxc3 Be2 20. Qg3 Qh6+ 21. Bd2 f4 22. Qxf2 Bxf1 23. Qxf1 Qa6 24. Kb1 Re4 25. b3 Qf6 26. Qf3 Rfe8 27. Rf1 Qd4 28. Bc1 Re1 29. Qxf4 Qxf4 30. Rxf4 Rg1 31. Kb2 Rxg2 32. h4 Ree2 33. Ka3 Rxc2 34. Be3 Rxa2+ 35. Kb4 a5+ 36. Kc5 Rab2 37. Re4 Rxb3 38. Bg5 h6 39. Bd8 a4 40. Bxc7 a3 41. d6 a2 42. Re8+ Kh7 43. Ra8 Rd2 44. Rxa2 Rxa2 45. d7 Rd3 46. d8Q Rxd8 47. Bxd8 Kg6 48. Kb6 Rb2+ 49. Kc7 Rc2 0-1

[Event "HUN-chT2 Asztalos 0809"]
[Site "Hungary"]
[Date "2009.01.11"]
[Round "5"]
[White "Vince, Viola"]
[Black "Nagy, Imre"]
[Result "1-0"]
[WhiteElo "2001"]
[BlackElo "2144"]
[PlyCount "55"]
[EventDate "2008.10.26"]
[EventType "team-tourn"]
[EventRounds "11"]
[EventCountry "HUN"]
[SourceTitle "EXT 2010"]
[Source "ChessBase"]
[SourceDate "2010.11.25"]
[SourceVersion "1"]
[SourceVersionDate "2010.11.25"]
[SourceQuality "1"]
[WhiteTeam "Szekszard/Decs II"]
[BlackTeam "Komlo"]
[WhiteTeamCountry "HUN"]
[BlackTeamCountry "HUN"]

1. d4 Nf6 2. c4 e5 3. dxe5 Ng4 4. Bf4 g5 5. Bg3 Bg7 6. Nf3 Nc6 7. Nc3 Ngxe5 8. Nxe5 Nxe5 9. e3 d6 10. Qc2 Be6 11. c5 0-0 12. Rd1 d5 13. h4 g4 14. h5 Qg5 15. Bf4 Qd8 16. h6 Bh8 17. Rh5 f6 18. Bxe5 fxe5 19. Nxd5 Bf7 20. Bc4 g3 21. Qf5 gxf2+ 22. Kf1 Re8 23. Qg4+ Kf8 24. Rf5 Re6 25. Nxc7 Qxd1+ 26. Qxd1 Rf6 27. Rxf6 Bxf6 28. Bxf7 1-0

[Event "HUN-chT2 Asztalos 0708"]
[Site "Hungary"]
[Date "2008.03.16"]
[Round "8"]
[White "Nagy, Imre"]
[Black "Horvath, Imre"]
[Result "1-0"]
[WhiteElo "2144"]
[BlackElo "2315"]
[PlyCount "107"]
[EventDate "2007.10.14"]
[EventType "team"]
[EventRounds "11"]
[EventCountry "HUN"]
[SourceTitle "EXT 2009"]
[Source "ChessBase"]
[SourceDate "2008.11.26"]
[SourceVersion "1"]
[SourceVersionDate "2008.11.26"]
[SourceQuality "1"]
[WhiteTeam "Komlo Banyasz"]
[BlackTeam "Balatonbereny"]
[WhiteTeamCountry "HUN"]
[BlackTeamCountry "HUN"]

1. e4 e5 2. Nf3 Nc6 3. Bc4 Be7 4. d4 Bf6 5. c3 d6 6. Qb3 Qd7 7. Bb5 a6 8. Qa4 Ra7 9. Bxc6 Qxc6 10. Qxc6+ bxc6 11. Be3 Rb7 12. b3 Ne7 13. h3 exd4 14. Nxd4 c5 15. Ne2 Nc6 16. 0-0 0-0 17. Nd2 Re8 18. Rac1 Be6 19. Ng3 h6 20. f4 a5 21. Nh5 Bh4 22. g3 Bd8 23. f5 Bd7 24. Nf4 Bxf5 25. Bf2 Bh7 26. Rfe1 Bg5 27. h4 Bf6 28. Nd5 Be5 29. Kg2 Ne7 30. Nc4 Ra7 31. Nxe5 dxe5 32. Nxe7+ Rxe7 33. Bxc5 c6 34. Bxa7 Rxa7 35. Rcd1 f6 36. Rd6 a4 37. b4 Rc7 38. g4 Kf7 39. Kf3 Ke7 40. Red1 Bg8 41. R6d2 Be6 42. Rg1 g6 43. Ke3 Ra7 44. g5 hxg5 45. hxg5 f5 46. Rh1 f4+ 47. Kf3 Bf7 48. Rh8 c5 49. Rc8 cxb4 50. cxb4 Rb7 51. a3 Be6 52. Rc5 Ke8 53. Rxe5 Kf7 54. Kxf4 1-0

[Event "HUN-chT2 Asztalos 0708"]
[Site "Hungary"]
[Date "2008.03.02"]
[Round "7"]
[White "Barbarics, Tamas"]
[Black "Nagy, Imre"]
[Result "1-0"]
[WhiteElo "2072"]
[BlackElo "2144"]
[PlyCount "105"]
[EventDate "2007.10.14"]
[EventType "team"]
[EventRounds "11"]
[EventCountry "HUN"]
[SourceTitle "EXT 2009"]
[Source "ChessBase"]
[SourceDate "2008.11.26"]
[SourceVersion "1"]
[SourceVersionDate "2008.11.26"]
[SourceQuality "1"]
[WhiteTeam "Szekszard"]
[BlackTeam "Komlo Banyasz"]
[WhiteTeamCountry "HUN"]
[BlackTeamCountry "HUN"]

1. d4 Nf6 2. Nc3 d5 3. Bg5 e6 4. e4 dxe4 5. Nxe4 Be7 6. Bxf6 Bxf6 7. c3 c6 8. f4 Nd7 9. Nf3 Qb6 10. Nd6+ Ke7 11. Nc4 Qc7 12. Nfe5 Nb6 13. Qb3 Nxc4 14. Bxc4 b5 15. Bd3 Bb7 16. Qa3+ Ke8 17. 0-0 Be7 18. Qb3 a5 19. f5 a4 20. Qc2 exf5 21. Bxf5 Bf6 22. Rae1 Bxe5 23. Rxe5+ Kf8 24. Bxh7 Re8 25. Bg6 Rxe5 26. Rxf7+ Qxf7 27. Bxf7 Re1+ 28. Kf2 Re7 29. Bg6 Bc8 30. h3 Rh6 31. Be4 Rf6+ 32. Bf3 Be6 33. Kg3 Bxa2 34. Qh7 Bg8 35. Qh5 g5 36. Kh2 Rg7 37. Qg4 Be6 38. Qg3 Bd7 39. Qb8+ Ke7 40. Qe5+ Be6 41. Bxc6 Rgg6 42. d5 g4 43. hxg4 Rxg4 44. dxe6 Rh6+ 45. Kg1 Rxe6 46. Qxb5 Kf6 47. Bf3 Rf4 48. Kf1 Re5 49. Qb6+ Re6 50. Qd8+ Ke5 51. c4 Rd4 52. Qg5+ Kd6 53. c5+ 1-0

[Event "HUN-chT2 Asztalos 0708"]
[Site "Hungary"]
[Date "2007.12.09"]
[Round "4"]
[White "Strenner, Balazs"]
[Black "Nagy, Imre"]
[Result "1/2-1/2"]
[WhiteElo "1958"]
[BlackElo "2144"]
[PlyCount "58"]
[EventDate "2007.10.14"]
[EventType "team"]
[EventRounds "11"]
[EventCountry "HUN"]
[SourceTitle "EXT 2009"]
[Source "ChessBase"]
[SourceDate "2008.11.26"]
[SourceVersion "1"]
[SourceVersionDate "2008.11.26"]
[SourceQuality "1"]
[WhiteTeam "Elore MAV"]
[BlackTeam "Komlo Banyasz"]
[WhiteTeamCountry "HUN"]
[BlackTeamCountry "HUN"]

1. e4 e5 2. Nf3 Nc6 3. Bb5 a6 4. Ba4 Nf6 5. 0-0 Be7 6. Re1 b5 7. Bb3 0-0 8. a4 b4 9. c3 d5 10. exd5 Nxd5 11. Bxd5 Qxd5 12. cxb4 Bxb4 13. Nc3 Bxc3 14. dxc3 Qxd1 15. Rxd1 Bg4 16. h3 Bxf3 17. gxf3 Rfd8 18. Be3 a5 19. Bc5 f6 20. Kf1 Kf7 21. Ke2 Ke6 22. Rxd8 Nxd8 23. b4 Nb7 24. Be3 g5 25. Bd2 h6 26. c4 axb4 27. Bxb4 c5 28. Bd2 Na5 29. Bxa5 Rxa5 1/2-1/2

[Event "HUN-chT2 Asztalos 0708"]
[Site "Hungary"]
[Date "2007.11.11"]
[Round "2"]
[White "Nagy, Imre"]
[Black "Csavassy, Gyorgy"]
[Result "1-0"]
[WhiteElo "2144"]
[BlackElo "1932"]
[PlyCount "71"]
[EventDate "2007.10.14"]
[EventType "team"]
[EventRounds "11"]
[EventCountry "HUN"]
[SourceTitle "EXT 2009"]
[Source "ChessBase"]
[SourceDate "2008.11.26"]
[SourceVersion "1"]
[SourceVersionDate "2008.11.26"]
[SourceQuality "1"]
[WhiteTeam "Komlo Banyasz"]
[BlackTeam "Koppany"]
[WhiteTeamCountry "HUN"]
[BlackTeamCountry "HUN"]

1. e4 c5 2. Nf3 Nc6 3. Bc4 e6 4. Qe2 g6 5. c3 Bg7 6. e5 d5 7. Bb5 Bd7 8. d4 cxd4 9. cxd4 Nge7 10. 0-0 0-0 11. Nc3 a6 12. Bd3 Nb4 13. Bb1 Qb6 14. Rd1 Rac8 15. h4 Rc7 16. Bg5 Re8 17. Qd2 Qa7 18. h5 gxh5 19. Bxe7 Rxe7 20. Qg5 Be8 21. Qxh5 f5 22. Qh4 Bg6 23. a3 Nc6 24. Ba2 Rcd7 25. b4 b5 26. Rac1 Qb6 27. Ng5 Nd8 28. Nxe6 Rxe6 29. Nxd5 Qb7 30. Rc7 Rxc7 31. Qxd8+ Re8 32. Nxc7+ Kf8 33. Ne6+ Kf7 34. Nc5+ Kf8 35. Qd6+ Qe7 36. Nd7# 1-0

[Event "HUN-chT2 Asztalos 0708"]
[Site "Hungary"]
[Date "2007.10.14"]
[Round "1"]
[White "Koppany, Tamas"]
[Black "Nagy, Imre"]
[Result "1-0"]
[WhiteElo "2040"]
[BlackElo "2144"]
[PlyCount "149"]
[EventDate "2007.10.14"]
[EventType "team"]
[EventRounds "11"]
[EventCountry "HUN"]
[SourceTitle "EXT 2009"]
[Source "ChessBase"]
[SourceDate "2008.11.26"]
[SourceVersion "1"]
[SourceVersionDate "2008.11.26"]
[SourceQuality "1"]
[WhiteTeam "Nagyatad"]
[BlackTeam "Komlo Banyasz"]
[WhiteTeamCountry "HUN"]
[BlackTeamCountry "HUN"]

1. d4 Nf6 2. e3 d6 3. c4 e5 4. Nc3 Nbd7 5. Nf3 exd4 6. exd4 Be7 7. Bd3 0-0 8. 0-0 c5 9. d5 Re8 10. Bf4 Nf8 11. h3 Ng6 12. Bh2 a6 13. Qc2 Nh5 14. Rfe1 Nhf4 15. Bxf4 Nxf4 16. Bxh7+ Kh8 17. Bf5 g6 18. Bxc8 Qxc8 19. Ne4 Qf5 20. Qc3+ Kg8 21. Ng3 Qd3 22. Rac1 b5 23. b3 b4 24. Qb2 Bf8 25. Kh2 Bg7 26. Qc2 Bc3 27. Re4 Qxc2 28. Rxc2 Nd3 29. Rce2 Kf8 30. Kg1 a5 31. Rxe8+ Rxe8 32. Rxe8+ Kxe8 33. Ne2 Ke7 34. Ng5 Be1 35. f4 f5 36. g3 Bd2 37. Kg2 Kf6 38. Ne6 Nb2 39. Nc7 a4 40. Nb5 Ke7 41. Kf3 a3 42. g4 Nd3 43. gxf5 gxf5 44. h4 Bc1 45. h5 Bb2 46. Ke3 Ne1 47. Kd2 Ng2 48. Ng3 Nh4 49. h6 Kd7 50. Nh5 Ng6 51. Ke3 Bc1+ 52. Kf3 Bb2 53. Kg3 Bc1 54. Kf3 Bb2 55. Ng7 Ne7 56. Kg3 Bf6 57. Kh3 Ng6 58. Nxf5 Nxf4+ 59. Kg4 Nd3 60. Nfxd6 Nc1 61. Ne4 Bb2 62. Nxc5+ Kd8 63. h7 Nxa2 64. Nd3 Bh8 65. c5 Nc3 66. Nxc3 bxc3 67. Nc1 c2 68. c6 Kc7 69. Kf5 Bb2 70. Na2 Bc3 71. Ke6 Bb2 72. Ke7 Be5 73. b4 Bd6+ 74. Ke6 Bxb4 75. h8Q 1-0

[Event "HUN-chT2 Asztalos 0607"]
[Site "Hungary"]
[Date "2006.12.03"]
[Round "3"]
[White "Raba, Rudolf"]
[Black "Nagy, Imre"]
[Result "0-1"]
[WhiteElo "1992"]
[BlackElo "2161"]
[PlyCount "124"]
[EventDate "2006.11.12"]
[EventType "team"]
[EventRounds "11"]
[EventCountry "HUN"]
[SourceTitle "EXT 2008"]
[Source "ChessBase"]
[SourceDate "2007.11.25"]
[SourceVersion "1"]
[SourceVersionDate "2007.11.25"]
[SourceQuality "1"]
[WhiteTeam "Varga Mafry"]
[BlackTeam "Komlo Banyasz"]
[WhiteTeamCountry "HUN"]
[BlackTeamCountry "HUN"]

1. d4 Nf6 2. Bf4 e6 3. e3 c5 4. c3 Nc6 5. Nf3 cxd4 6. exd4 d5 7. Bd3 Qb6 8. Qc2 h6 9. 0-0 a5 10. Nbd2 Bd7 11. Ne5 Rc8 12. Nxc6 Rxc6 13. Nf3 Bd6 14. Bxd6 Rxd6 15. Qe2 0-0 16. Ne5 Rc8 17. f4 a4 18. a3 Be8 19. Rad1 Rcd8 20. Kh1 Qc7 21. Bb1 Rb6 22. Bd3 Ne4 23. Ng4 f5 24. Ne5 Qe7 25. Kg1 Qh4 26. Qc2 Rb3 27. Rde1 g5 28. fxg5 hxg5 29. Re3 g4 30. Bxe4 dxe4 31. g3 Qg5 32. Ree1 Bb5 33. Rf4 Bc6 34. Qf2 Rf8 35. Nxg4 Rxb2 36. Qxb2 fxg4 37. Rxf8+ Kxf8 38. Rf1+ Ke8 39. Qf2 Kd7 40. Qf7+ Kd6 41. Rf4 e3 42. Qf8+ Kc7 43. Rf7+ Kb6 44. Qb4+ Ka6 45. Qc4+ Qb5 46. Qxb5+ Kxb5 47. Re7 Bd5 48. Rc7 Bc6 49. Rg7 Kc4 50. Kf1 Kxc3 51. Ke1 Bf3 52. Rg6 Kb2 53. Rxe6 Kxa3 54. Rxe3+ Kb2 55. Kd2 a3 56. Re6 Bc6 57. d5 Ba4 58. Re4 Bb3 59. d6 a2 60. Re1 Ba4 61. Re4 a1Q 62. Rb4+ Bb3 0-1

[Event "HUN-chT2 Asztalos 0607"]
[Site "Hungary"]
[Date "2006.11.19"]
[Round "2"]
[White "Nagy, Imre"]
[Black "Ehrbar, Tibor"]
[Result "1-0"]
[WhiteElo "2161"]
[BlackElo "1910"]
[PlyCount "91"]
[EventDate "2006.11.12"]
[EventType "team"]
[EventRounds "11"]
[EventCountry "HUN"]
[SourceTitle "EXT 2008"]
[Source "ChessBase"]
[SourceDate "2007.11.25"]
[SourceVersion "1"]
[SourceVersionDate "2007.11.25"]
[SourceQuality "1"]
[WhiteTeam "Komlo Banyasz"]
[BlackTeam "Nagyatad"]
[WhiteTeamCountry "HUN"]
[BlackTeamCountry "HUN"]

1. e4 c5 2. Nf3 d6 3. Bc4 e6 4. Qe2 Nc6 5. c3 Be7 6. d4 Nf6 7. e5 dxe5 8. dxe5 Nd5 9. 0-0 a6 10. a4 Na5 11. Rd1 Nxc4 12. Qxc4 b6 13. Na3 Bb7 14. Qg4 g6 15. c4 0-0 16. cxd5 exd5 17. Bg5 Re8 18. Nc4 Bxg5 19. Nxg5 Qc7 20. Nd6 Rxe5 21. Ndxf7 Re7 22. Nh6+ Kh8 23. Re1 Rae8 24. Rxe7 Qxe7 25. h4 Kg7 26. Ngf7 Bc8 27. Qg3 Qe6 28. Nd6 Kxh6 29. Qg5+ Kg7 30. Nxe8+ Qxe8 31. Qxd5 Qe7 32. Qc4 Bb7 33. Rd1 Bc6 34. Qf4 Qe2 35. Rd6 Bxa4 36. Rxb6 Qe1+ 37. Kh2 Qe7 38. Rxa6 Bb5 39. Rb6 Ba4 40. b3 Be8 41. Rb8 Bf7 42. Rc8 Qe6 43. Rxc5 Qxb3 44. h5 gxh5 45. Qg5+ Bg6 46. Rc7+ 1-0

[Event "HUN-chT2 Asztalos 0506"]
[Site "Hungary"]
[Date "2006.04.23"]
[Round "11"]
[White "Csikos, Gergo"]
[Black "Nagy, Imre"]
[Result "1-0"]
[WhiteElo "2083"]
[BlackElo "2161"]
[PlyCount "111"]
[EventDate "2005.10.16"]
[EventType "team"]
[EventRounds "11"]
[EventCountry "HUN"]
[SourceTitle "EXT 2009"]
[Source "ChessBase"]
[SourceDate "2008.11.26"]
[SourceVersion "1"]
[SourceVersionDate "2008.11.26"]
[SourceQuality "1"]
[WhiteTeam "Pannonpower II"]
[BlackTeam "Komlo Banyasz"]
[WhiteTeamCountry "HUN"]
[BlackTeamCountry "HUN"]

1. e4 e5 2. Nf3 Nc6 3. Bb5 a6 4. Ba4 b5 5. Bb3 Bb7 6. 0-0 Be7 7. c3 Nf6 8. Re1 0-0 9. d3 h6 10. Nbd2 Re8 11. Nf1 Bc5 12. h3 d5 13. exd5 Nxd5 14. Ng3 Qd7 15. Nh4 Nf4 16. d4 Be7 17. Nhf5 Bf6 18. Qg4 Kf8 19. Bxf4 exf4 20. Nh5 g6 21. Nxf6 Rxe1+ 22. Rxe1 Qxf5 23. Nd7+ Kg7 24. Qxf5 gxf5 25. Nc5 Rb8 26. Bd5 Na5 27. Bxb7 Nxb7 28. Nxa6 Ra8 29. Nxc7 Rxa2 30. b4 Nd6 31. Ne8+ Nxe8 32. Rxe8 Ra1+ 33. Kh2 Rf1 34. f3 Rc1 35. Rc8 Kf6 36. Rc6+ Ke7 37. Rxh6 Rxc3 38. Rb6 Rc4 39. Rxb5 Rxd4 40. h4 Kf6 41. Rb6+ Kg7 42. b5 f6 43. Rb8 Rb4 44. b6 Rb2 45. b7 Kh7 46. Kg1 Kg7 47. Kf1 Kh7 48. Ke1 Kg7 49. Kd1 Kh7 50. Kc1 Rxg2 51. Rh8+ Kxh8 52. b8Q+ Kh7 53. Qxf4 Kg6 54. h5+ Kxh5 55. Qxf5+ Rg5 56. Qh7# 1-0

[Event "HUN-chT2 Asztalos 0506"]
[Site "Hungary"]
[Date "2006.02.26"]
[Round "8"]
[White "Kiss, Zoltan"]
[Black "Nagy, Imre"]
[Result "1/2-1/2"]
[WhiteElo "2218"]
[BlackElo "2161"]
[PlyCount "47"]
[EventDate "2005.10.16"]
[EventType "team"]
[EventRounds "11"]
[EventCountry "HUN"]
[SourceTitle "EXT 2009"]
[Source "ChessBase"]
[SourceDate "2008.11.26"]
[SourceVersion "1"]
[SourceVersionDate "2008.11.26"]
[SourceQuality "1"]
[WhiteTeam "Szenna Pack II"]
[BlackTeam "Komlo Banyasz"]
[WhiteTeamCountry "HUN"]
[BlackTeamCountry "HUN"]

1. d4 Nf6 2. Nf3 e6 3. c4 d5 4. Nc3 c5 5. Bg5 cxd4 6. Qxd4 Nc6 7. Qd1 d4 8. Bxf6 gxf6 9. Ne4 f5 10. Ned2 e5 11. a3 e4 12. Ng1 e3 13. fxe3 dxe3 14. Nb3 Qh4+ 15. g3 Qxc4 16. Bg2 Bg7 17. Rc1 Qb5 18. Rc5 Qb6 19. Qd6 Bd7 20. Bd5 Nd8 21. Qxb6 axb6 22. Rc2 f4 23. gxf4 Bf5 24. Rc7 1/2-1/2

[Event "HUN-chT2 Asztalos 0506"]
[Site "Hungary"]
[Date "2006.01.22"]
[Round "6"]
[White "Amstadt, Aron"]
[Black "Nagy, Imre"]
[Result "1/2-1/2"]
[WhiteElo "1869"]
[BlackElo "2161"]
[PlyCount "105"]
[EventDate "2005.10.16"]
[EventType "team"]
[EventRounds "11"]
[EventCountry "HUN"]
[SourceTitle "EXT 2009"]
[Source "ChessBase"]
[SourceDate "2008.11.26"]
[SourceVersion "1"]
[SourceVersionDate "2008.11.26"]
[SourceQuality "1"]
[WhiteTeam "Bajai"]
[BlackTeam "Komlo Banyasz"]
[WhiteTeamCountry "HUN"]
[BlackTeamCountry "HUN"]

1. d4 Nf6 2. Nf3 e6 3. Bg5 c5 4. e3 d5 5. c3 Nc6 6. Bd3 Bd6 7. Nbd2 h6 8. Bh4 Bd7 9. 0-0 Qc7 10. Bxf6 gxf6 11. dxc5 Bxc5 12. e4 Ne5 13. Be2 Bc6 14. exd5 Bxd5 15. Nxe5 Qxe5 16. Bb5+ Kf8 17. Nf3 Qh5 18. Be2 Rg8 19. c4 Bc6 20. Ne1 Qh3 21. Bf3 Ke7 22. Bxc6 bxc6 23. Qf3 Qxf3 24. Nxf3 Rg4 25. b3 Rag8 26. g3 e5 27. Rad1 Rd8 28. Rxd8 Kxd8 29. Rd1+ Ke7 30. Kg2 Re4 31. Re1 Rxe1 32. Nxe1 f5 33. Nc2 a5 34. a3 Ba7 35. b4 axb4 36. axb4 Kd6 37. Kf3 Ke6 38. Ke2 Bb8 39. Kd2 Ba7 40. Ke2 h5 41. Kf3 e4+ 42. Ke2 Ke5 43. f4+ exf3+ 44. Kxf3 Bb8 45. Ke3 c5 46. b5 Ke6 47. Kf3 h4 48. Ne1 hxg3 49. hxg3 Ke5 50. Nc2 Ke6 51. Ne1 Ke5 52. Nc2 Ke6 53. Ne1 1/2-1/2

[Event "HUN-chT2 Asztalos 0405"]
[Site "Hungary"]
[Date "2004.12.05"]
[Round "4"]
[White "Papp, Judit"]
[Black "Nagy, Imre"]
[Result "1-0"]
[WhiteElo "2121"]
[BlackElo "2161"]
[PlyCount "109"]
[EventDate "2004.09.26"]
[EventType "team"]
[EventRounds "11"]
[EventCountry "HUN"]
[SourceTitle "EXT 2009"]
[Source "ChessBase"]
[SourceDate "2008.11.26"]
[SourceVersion "1"]
[SourceVersionDate "2008.11.26"]
[SourceQuality "1"]
[WhiteTeam "Paks II"]
[BlackTeam "Komlo Banyasz"]
[WhiteTeamCountry "HUN"]
[BlackTeamCountry "HUN"]

1. e4 e5 2. Nf3 Nc6 3. Bb5 a6 4. Ba4 Nf6 5. 0-0 Be7 6. Re1 0-0 7. Bxc6 dxc6 8. Nxe5 Re8 9. Nf3 Bg4 10. Nc3 c5 11. d3 b5 12. a3 c6 13. Bf4 h6 14. h3 Bh5 15. Qe2 a5 16. Qe3 Kh7 17. Rad1 g5 18. Bg3 Bg6 19. Ne5 Qc8 20. f4 Nd7 21. Nxg6 Kxg6 22. e5 f5 23. exf6 Nxf6 24. fxg5 hxg5 25. Ne4 Nd5 26. Qd2 Qd7 27. c4 Nb6 28. Qc2 Rad8 29. d4 cxd4 30. Nd6+ Kg7 31. Be5+ Bf6 32. Nxe8+ Rxe8 33. Bxf6+ Kxf6 34. Rxe8 Qxe8 35. Qf2+ Kg6 36. cxb5 cxb5 37. Qxd4 Nc4 38. Kh1 Qe2 39. Qd7 a4 40. Qc6+ Kh5 41. Rg1 g4 42. Qxb5+ Kh6 43. Qc6+ Kg5 44. h4+ Kf5 45. Qd7+ Kf6 46. Qd8+ Kf5 47. Qf8+ Ke4 48. Qe8+ Ne5 49. Qxa4+ Kf5 50. Qd1 Qxb2 51. Rf1+ Ke6 52. Qd8 Nc6 53. Re1+ Ne5 54. Qe8+ Kf5 55. Qxe5+ 1-0

[Event "HUN-chT2 Asztalos 0203"]
[Site "Hungary"]
[Date "2003.02.16"]
[Round "7"]
[White "Bocska, Janos"]
[Black "Nagy, Imre"]
[Result "1/2-1/2"]
[WhiteElo "2075"]
[BlackElo "2225"]
[PlyCount "123"]
[EventDate "2002.09.22"]
[EventType "team"]
[EventRounds "11"]
[EventCountry "HUN"]
[SourceTitle "EXT 2009"]
[Source "ChessBase"]
[SourceDate "2008.11.26"]
[SourceVersion "1"]
[SourceVersionDate "2008.11.26"]
[SourceQuality "1"]

1. e4 c5 2. Nf3 Nc6 3. d4 cxd4 4. Nxd4 e5 5. Nb5 d6 6. c4 a6 7. N5c3 Nf6 8. f3 Nh5 9. Be3 f5 10. Nd5 f4 11. Bb6 Qh4+ 12. Bf2 Qd8 13. Bb6 Qh4+ 14. Bf2 Qd8 15. Nbc3 Be6 16. Bb6 Qh4+ 17. Bf2 Qd8 18. Qd2 Bxd5 19. Nxd5 Rc8 20. g3 Qa5 21. Bh3 Qxd2+ 22. Kxd2 Rb8 23. Bg4 Nf6 24. gxf4 Nxg4 25. fxg4 exf4 26. b3 Be7 27. Nxf4 0-0 28. Bg3 Bg5 29. Rhf1 Rbe8 30. Rae1 Ne5 31. h4 Bd8 32. Kc3 Nxg4 33. Nd5 Ne5 34. b4 Rf7 35. a4 Ref8 36. Rxf7 Rxf7 37. c5 Nf3 38. Re3 dxc5 39. bxc5 Nxh4 40. Kc4 Rf3 41. Bxh4 Rxe3 42. Nxe3 Bxh4 43. Nf5 Bd8 44. e5 h5 45. Kd5 h4 46. Kd6 h3 47. Kd7 h2 48. Ng3 Bh4 49. Nh1 Kf8 50. e6 Be7 51. a5 Bxc5 52. Ng3 g5 53. Nh1 g4 54. Ng3 Ba3 55. Nh1 Kg7 56. e7 Bxe7 57. Kxe7 Kg6 58. Ke6 Kg5 59. Ke5 Kh4 60. Kf4 Kh3 61. Ng3 Kh4 62. Nh1 1/2-1/2

[Event "HUN-chT2 Asztalos 0203"]
[Site "Hungary"]
[Date "2003.02.02"]
[Round "6"]
[White "Nagy, Imre"]
[Black "Papp, Tamas"]
[Result "1/2-1/2"]
[WhiteElo "2225"]
[BlackElo "2050"]
[PlyCount "72"]
[EventDate "2002.09.22"]
[EventType "team"]
[EventRounds "11"]
[EventCountry "HUN"]
[SourceTitle "EXT 2009"]
[Source "ChessBase"]
[SourceDate "2008.11.26"]
[SourceVersion "1"]
[SourceVersionDate "2008.11.26"]
[SourceQuality "1"]

1. d4 Nf6 2. g3 e6 3. Bg2 d5 4. Nf3 c6 5. 0-0 Bd6 6. b3 Nbd7 7. c4 Qe7 8. Bb2 0-0 9. Nbd2 Re8 10. Ne5 Bxe5 11. dxe5 Ng4 12. Nf3 f6 13. h3 Ngxe5 14. Nxe5 Nxe5 15. Qc2 Nf7 16. e4 dxe4 17. Qxe4 e5 18. Qe3 Bf5 19. Rad1 a5 20. Rd2 a4 21. Rfd1 axb3 22. axb3 Qb4 23. g4 Be6 24. Kh2 Rad8 25. Rxd8 Nxd8 26. Qc3 Qc5 27. Rd2 Nf7 28. Qe3 Qe7 29. c5 f5 30. gxf5 Bxf5 31. b4 e4 32. Qg3 Bg6 33. Bf1 Ng5 34. Bg2 Rf8 35. Qe5 Qxe5+ 36. Bxe5 Nf3+ 1/2-1/2